La ciudad (Record no. 52391)

MARC details
000 -LEADER
campo de control de longitud fija 00598nam a2200205 i 4500
001 - NÚMERO DE CONTROL
campo de control 52391
003 - IDENTIFICADOR DE NÚMERO DE CONTROL
campo de control ES-MaACL
005 - FECHA Y HORA DE LA ÚLTIMA TRANSACCIÓN
campo de control 20240214190529.0
007 - CAMPO FIJO DE DESCRIPCIÓN FÍSICA--INFORMACIÓN GENERAL
campo de control de longitud fija t|
008 - DATOS DE LONGITUD FIJA--INFORMACIÓN GENERAL
campo de control de longitud fija 030828s1921 sp ||||1| spa d
080 ## - NÚMERO DE LA CLASIFICACIÓN DECIMAL UNIVERSAL
Número de la Clasificación Decimal Universal 913(460.353 S.)
080 ## - NÚMERO DE LA CLASIFICACIÓN DECIMAL UNIVERSAL
Número de la Clasificación Decimal Universal 821.134.2-992"19"
100 1# - ENTRADA PRINCIPAL--NOMBRE DE PERSONA
Nombre de persona Chaves Nogales, Manuel,
Fechas asociadas al nombre 1897-1944
9 (RLIN) 38275
245 13 - MENCIÓN DEL TÍTULO
Título La ciudad
Resto del título : ensayos /
Mención de responsabilidad, etc. Manuel Chaves Nogales.
260 ## - PUBLICACIÓN, DISTRIBUCIÓN, ETC.
Lugar de publicación, distribución, etc. [S.l. :
Nombre del editor, distribuidor, etc. s.n.,
Fecha de publicación, distribución, etc. 1921] (
Lugar de fabricación/manufactura Córdoba :
Fabricante La Voz)
300 ## - DESCRIPCIÓN FÍSICA
Extensión 160 p. ;
Dimensiones 18 cm.
651 #4 - PUNTO DE ACCESO ADICIONAL DE MATERIA--NOMBRE GEOGRÁFICO
Nombre geográfico Sevilla-
Subdivisión general Descripción.
9 (RLIN) 9383
852 ## - LOCALIZACIÓN
Ubicación ES-MaACL
Número de control de estantería F-2861
Holdings
Estatus retirado Estado de pérdida Estado de daño No para préstamo Biblioteca de origen Biblioteca actual Ubicación en estantería Fecha de adquisición Fuente de adquisición Total de préstamos Signatura topográfica completa Código de barras Visto por última vez Precio de reemplazo Tipo de ítem Koha
        Biblioteca del Ateneo de Madrid Biblioteca del Ateneo de Madrid Depósito 2 17/01/2008     F-2861 1055072 23/02/2023 23/02/2023 Libro impreso